00497nam a2200085Ia 4500008004100000245002300041300027600064650001600340856005500356170517s9999 xx 000 0 und d 4aThe Future of Food aThere is a revolution happening in the farm fields and on the dinner tables of America - a revolution that is transforming the very nature of the food we eat. The Future of Food offers an in-depth investigation into the disturbing truth behind the unlabeled, patented,... xTechnology. uhttp://topdocumentaryfilms.com/the-future-of-food/